[Event "Titled Tuesday intern op 18th May"]
[Site "Chess.com INT"]
[Date "2021.05.18"]
[Round "6"]
[White "Kraemer, Martin"]
[Black "Kubicka, Anna"]
[Result "0-1"]
[WhiteElo "2574"]
[BlackElo "2235"]
[PlyCount "62"]
[EventDate "2021.05.18"]
[EventType "swiss (blitz)"]
[EventRounds "11"]
[EventCountry "USA"]
[SourceTitle "CBM 202 Extra"]
[Source "ChessBase"]
[SourceDate "2021.07.31"]
[SourceVersion "1"]
[SourceVersionDate "2021.07.31"]
[SourceQuality "1"]

1. e4 c5 2. Nf3 d6 3. d4 cxd4 4. Nxd4 Nf6 5. f3 e5 6. Nb3 a5 7. Bb5+ Nbd7 8. Nc3 d5 9. exd5 Bb4 10. a4 Qb6 11. Qd3 0-0 12. Be3 Nc5 13. Nxc5 Bxc5 14. Bxc5 Qxc5 15. 0-0-0 Rd8 16. Ne4 Nxe4 17. fxe4 Bg4 18. Rd2 Rac8 19. Kb1 Bd7 20. b3 Bxb5 21. Qxb5 Qe3 22. Qd3 Qb6 23. Rf1 Qb4 24. Rdf2 Rc3 25. Qb5 Qxe4 26. Qxb7 f6 27. Kb2 Rdc8 28. Rc1 Qd4 29. Kb1 Qxf2 30. Qd7 Qc5 31. Qe6+ Kh8 0-1

[Event "Titled Tuesday intern op 18th May"]
[Site "Chess.com INT"]
[Date "2021.05.18"]
[Round "9"]
[White "Kraemer, Martin"]
[Black "Valdes Romero, Leonardo"]
[Result "1-0"]
[WhiteElo "2574"]
[BlackElo "2402"]
[PlyCount "109"]
[EventDate "2021.05.18"]
[EventType "swiss (blitz)"]
[EventRounds "11"]
[EventCountry "USA"]
[SourceTitle "CBM 202 Extra"]
[Source "ChessBase"]
[SourceDate "2021.07.31"]
[SourceVersion "1"]
[SourceVersionDate "2021.07.31"]
[SourceQuality "1"]

1. e4 c5 2. Nf3 d6 3. d4 cxd4 4. Nxd4 Nf6 5. Nc3 g6 6. Be3 Bg7 7. f3 0-0 8. Qd2 Nc6 9. 0-0-0 Bd7 10. Kb1 Rc8 11. g4 Ne5 12. Be2 Qa5 13. Nd5 Qxd2 14. Rxd2 Nxd5 15. exd5 Nc4 16. Bxc4 Rxc4 17. c3 a6 18. Re1 Re8 19. Nb3 b5 20. Bd4 Bxd4 21. Rxd4 Rxd4 22. Nxd4 Kf8 23. Kc2 Rc8 24. Nb3 Rc4 25. Re3 h5 26. h3 hxg4 27. hxg4 f5 28. gxf5 Bxf5+ 29. Kd2 Rh4 30. Nd4 Kf7 31. b3 Rh1 32. c4 bxc4 33. bxc4 Rh2+ 34. Ne2 g5 35. Kc3 g4 36. fxg4 Bxg4 37. Nd4 Rxa2 38. Kb3 Rd2 39. Nc6 Bd1+ 40. Kc3 Re2 41. Rf3+ Ke8 42. Rh3 Rf2 43. Rh8+ Kd7 44. Rd8+ Kc7 45. Ra8 Ra2 46. Ra7+ Kb6 47. Rxe7 Ra3+ 48. Kd4 Ba4 49. Nd8 Rh3 50. Rb7+ Ka5 51. Nc6+ Bxc6 52. dxc6 Rh5 53. Rd7 Rc5 54. Rxd6 Kb6 55. c7+ 1-0

[Event "Titled Tuesday intern op 18th May"]
[Site "Chess.com INT"]
[Date "2021.05.18"]
[Round "11"]
[White "Madaminov, Mukhiddin"]
[Black "Kraemer, Martin"]
[Result "1-0"]
[WhiteElo "2258"]
[BlackElo "2574"]
[PlyCount "129"]
[EventDate "2021.05.18"]
[EventType "swiss (blitz)"]
[EventRounds "11"]
[EventCountry "USA"]
[SourceTitle "CBM 202 Extra"]
[Source "ChessBase"]
[SourceDate "2021.07.31"]
[SourceVersion "1"]
[SourceVersionDate "2021.07.31"]
[SourceQuality "1"]

1. e4 e5 2. Nf3 Nc6 3. Bb5 Nf6 4. 0-0 Nxe4 5. Re1 Nd6 6. Nxe5 Be7 7. Bf1 Nf5 8. c3 Nxe5 9. Rxe5 d6 10. Re1 0-0 11. d4 d5 12. Nd2 Nd6 13. Bd3 Bf5 14. Nf1 c6 15. Bf4 Bg6 16. Qf3 Re8 17. Bxd6 Bxd6 18. Ng3 Qg5 19. Nf5 Bxf5 20. Qxf5 Qxf5 21. Bxf5 g6 22. Bd3 a5 23. a4 Kg7 24. g3 h5 25. Kg2 Kf6 26. f4 c5 27. dxc5 Bxc5 28. Bb5 Rxe1 29. Rxe1 d4 30. Re5 Rc8 31. Rd5 dxc3 32. bxc3 b6 33. Rd7 Be7 34. c4 Bc5 35. Kf3 Kg7 36. h3 Re8 37. Rd3 Re1 38. g4 Rf1+ 39. Ke4 h4 40. Bc6 Re1+ 41. Kf3 f5 42. gxf5 gxf5 43. Bd7 Kf6 44. Rd5 Re3+ 45. Kg2 Re2+ 46. Kh1 Re1+ 47. Kg2 Re2+ 48. Kh1 Bf2 49. Bxf5 Bg3 50. Bg4 Rh2+ 51. Kg1 Rc2 52. Rb5 Ke7 53. f5 Rxc4 54. Kg2 Rxa4 55. Rxb6 Ra2+ 56. Kf3 Ra4 57. f6+ Kf8 58. Bh5 Rb4 59. Re6 Rb8 60. Kg4 a4 61. f7 Kg7 62. Re8 Rb4+ 63. Kg5 Bd6 64. Rg8+ Kh7 65. Bg6# 1-0

[Event "Titled Tuesday intern op 18th May"]
[Site "Chess.com INT"]
[Date "2021.05.18"]
[Round "3"]
[White "Morefield, Jason P"]
[Black "Kraemer, Martin"]
[Result "1-0"]
[WhiteElo "2227"]
[BlackElo "2574"]
[PlyCount "125"]
[EventDate "2021.05.18"]
[EventType "swiss (blitz)"]
[EventRounds "11"]
[EventCountry "USA"]
[SourceTitle "CBM 202 Extra"]
[Source "ChessBase"]
[SourceDate "2021.07.31"]
[SourceVersion "1"]
[SourceVersionDate "2021.07.31"]
[SourceQuality "1"]

1. d4 Nf6 2. c4 e6 3. Nf3 d5 4. Nc3 Be7 5. Bf4 0-0 6. e3 Nbd7 7. c5 c6 8. Bd3 b6 9. b4 a5 10. a3 Ba6 11. Bxa6 Rxa6 12. 0-0 Qa8 13. b5 Ra7 14. cxb6 Nxb6 15. Ne5 cxb5 16. Nxb5 Rb7 17. Qe2 Qa6 18. Nc6 Nc4 19. Nxe7+ Rxe7 20. a4 Rc8 21. Rac1 Rd7 22. Rc2 h6 23. Rfc1 Rcd8 24. h3 Ne8 25. Na3 Nf6 26. Nxc4 dxc4 27. Qxc4 Qxc4 28. Rxc4 Nd5 29. Bg3 Rb7 30. Rc5 Ra8 31. e4 Nb4 32. Rc8+ Rxc8 33. Rxc8+ Kh7 34. Rc5 Ra7 35. Bb8 Ra8 36. Bc7 Nd3 37. Rxa5 Rc8 38. Bg3 Rc1+ 39. Kh2 Rc2 40. Ra7 Kg6 41. f3 Rc4 42. d5 exd5 43. exd5 h5 44. a5 h4 45. Bc7 Rc1 46. Ra6+ f6 47. Rc6 Ra1 48. Rc2 Nb4 49. Rd2 Na6 50. Bb6 Nb8 51. d6 Nd7 52. Bc7 Rc1 53. Ra2 Nc5 54. a6 Nd3 55. a7 Nf4 56. a8Q Nh5 57. Qe4+ Kh6 58. Qxh4 g5 59. Qg4 Kg6 60. d7 f5 61. Qd4 Nf6 62. Ra6 Rc6 63. Rxc6 1-0

[Event "Titled Tuesday intern op 18th May"]
[Site "Chess.com INT"]
[Date "2021.05.18"]
[Round "8"]
[White "Roman, Rodrigo"]
[Black "Kraemer, Martin"]
[Result "0-1"]
[WhiteElo "2071"]
[BlackElo "2574"]
[PlyCount "116"]
[EventDate "2021.05.18"]
[EventType "swiss (blitz)"]
[EventRounds "11"]
[EventCountry "USA"]
[SourceTitle "CBM 202 Extra"]
[Source "ChessBase"]
[SourceDate "2021.07.31"]
[SourceVersion "1"]
[SourceVersionDate "2021.07.31"]
[SourceQuality "1"]

1. Nf3 d5 2. g3 Bg4 3. Bg2 e6 4. 0-0 Nf6 5. d4 Be7 6. Nbd2 0-0 7. Re1 c5 8. c3 Nc6 9. Qb3 Qc7 10. dxc5 Bxc5 11. e4 Bxf3 12. Bxf3 Ne5 13. exd5 exd5 14. Bg2 Nd3 15. Rf1 Nxf2 16. Nf3 Nd3+ 17. Kh1 Nf2+ 18. Kg1 Nd3+ 19. Kh1 Ne4 20. Nd4 Nxc1 21. Raxc1 Rad8 22. Qc2 Rfe8 23. Qd3 g6 24. Rce1 f5 25. Re2 Qb6 26. g4 Bxd4 27. cxd4 fxg4 28. Bxe4 dxe4 29. Rxe4 Qc6 30. Rfe1 Rxe4 31. Rxe4 Qd5 32. Kg1 h5 33. Re7 Qxd4+ 34. Qxd4 Rxd4 35. Rxb7 Rd2 36. a4 a5 37. b3 Kf8 38. Rb5 Rb2 39. Rxa5 Rxb3 40. Ra7 Ra3 41. a5 h4 42. a6 Ra1+ 43. Kf2 Ra2+ 44. Kg1 Kg8 45. Kh1 Ra1+ 46. Kg2 Ra2+ 47. Kg1 g5 48. Kh1 Ra1+ 49. Kg2 Ra2+ 50. Kg1 Ra3 51. Kg2 g3 52. hxg3 Rxg3+ 53. Kh2 Ra3 54. Ra8+ Kh7 55. a7 g4 56. Kg2 Ra2+ 57. Kf1 h3 58. Kg1 g3 0-1

[Event "Titled Tuesday intern op 04th May"]
[Site "Chess.com INT"]
[Date "2021.05.04"]
[Round "2"]
[White "Kapitanchuk, Tomas"]
[Black "Kraemer, Martin"]
[Result "0-1"]
[WhiteElo "2346"]
[BlackElo "2574"]
[PlyCount "80"]
[EventDate "2021.05.04"]
[EventType "swiss (blitz)"]
[EventRounds "11"]
[EventCountry "USA"]
[SourceTitle "CBM 202 Extra"]
[Source "ChessBase"]
[SourceDate "2021.07.31"]
[SourceVersion "1"]
[SourceVersionDate "2021.07.31"]
[SourceQuality "1"]

1. e4 e5 2. Nf3 Nc6 3. d4 exd4 4. Nxd4 Nf6 5. Nxc6 bxc6 6. Qe2 d5 7. exd5+ Be7 8. dxc6 0-0 9. Nc3 Bg4 10. Qd3 Qc8 11. Be3 Rb8 12. Rb1 Bf5 13. Qd2 Bb4 14. Bd3 Ne4 15. Bxe4 Bxe4 16. 0-0 Bxc6 17. Bxa7 Bxg2 18. Qg5 Bxf1 19. Bxb8 Bh3 20. Nd5 h6 21. Qg3 Bc5 22. Bxc7 Be6 23. Be5 f6 24. Nxf6+ Kh8 25. Nd7 Qxd7 26. b4 Bb6 27. Rf1 Qf7 28. Qh4 Kh7 29. Bg3 Bc4 30. Re1 Bd8 31. Rd1 Kg8 32. Qd4 Be7 33. Qe3 Be6 34. Rd4 Bf6 35. Re4 Bxa2 36. Rf4 Bd5 37. Rf5 Re8 38. Qd2 Qe6 39. Rf4 Qe1+ 40. Qxe1 Rxe1# 0-1

[Event "Titled Tuesday intern op 04th May"]
[Site "Chess.com INT"]
[Date "2021.05.04"]
[Round "9"]
[White "Kopjonkin, Kirill"]
[Black "Kraemer, Martin"]
[Result "1-0"]
[WhiteElo "2314"]
[BlackElo "2574"]
[PlyCount "173"]
[EventDate "2021.05.04"]
[EventType "swiss (blitz)"]
[EventRounds "11"]
[EventCountry "USA"]
[SourceTitle "CBM 202 Extra"]
[Source "ChessBase"]
[SourceDate "2021.07.31"]
[SourceVersion "1"]
[SourceVersionDate "2021.07.31"]
[SourceQuality "1"]

1. e4 e5 2. Nf3 Nc6 3. Bc4 Bc5 4. d3 Nf6 5. c3 0-0 6. Nbd2 d6 7. 0-0 a6 8. Bb3 h6 9. h3 Re8 10. Re1 Be6 11. Bc2 d5 12. exd5 Qxd5 13. Nf1 Rad8 14. Ng3 Bf8 15. Qe2 g6 16. Ne4 Nxe4 17. dxe4 Qb5 18. Nd2 Qxe2 19. Rxe2 h5 20. Nb3 Bc4 21. Re1 f6 22. Be3 a5 23. Rad1 a4 24. Nc5 Bxc5 25. Bxc5 b5 26. b3 axb3 27. axb3 Be6 28. Kf1 Na5 29. Rb1 Rd2 30. Re2 Red8 31. Ke1 Rxe2+ 32. Kxe2 Kf7 33. h4 Nb7 34. Be3 Ra8 35. Kd2 Ra2 36. Kc1 Nd6 37. Rb2 Ra1+ 38. Rb1 Ra2 39. Rb2 Ra1+ 40. Rb1 Ra8 41. Kb2 f5 42. exf5 Bxf5 43. Bxf5 gxf5 44. g3 Ke6 45. Re1 Kd5 46. Bg5 Ne4 47. Be3 c5 48. Rd1+ Ke6 49. f3 Nxg3 50. Bxc5 f4 51. b4 e4 52. fxe4 Nxe4 53. Bd4 Kf5 54. Rg1 f3 55. Rg7 Rf8 56. Rb7 Kg4 57. Rxb5 f2 58. Bxf2 Rxf2+ 59. Kb3 Nd2+ 60. Ka4 Kxh4 61. Rd5 Kg4 62. b5 Nc4 63. Rd4+ Rf4 64. Rxf4+ Kxf4 65. Kb4 Nd6 66. Kc5 Nb7+ 67. Kc6 Nd8+ 68. Kd7 Nb7 69. Kc6 Na5+ 70. Kb6 Nb3 71. c4 h4 72. c5 h3 73. c6 h2 74. c7 h1Q 75. c8Q Qg1+ 76. Kb7 Nc5+ 77. Kc6 Ne4 78. Qf8+ Ke3 79. b6 Qc1+ 80. Kb7 Qc4 81. Qe8 Kd4 82. Qc6 Nc5+ 83. Kc8 Qg8+ 84. Kc7 Qf7+ 85. Kb8 Qf4+ 86. Qc7 Na6+ 87. Kb7 1-0